Every Player to Catch a Touchdown from Patrick Mahomes - Statistics

General Stats
  • This quiz has been taken 60 times
  • The average score is 15 of 34
Answer Stats
Number Position Answer % Correct
70 TE Travis Kelce
100%
46 WR Tyreek Hill
100%
2 RB Isiah Pacheco
90%
7 RB Kareem Hunt
79%
3 WR Xavier Worthy
79%
18 WR Mecole Hardman
71%
9 WR Rashee Rice
71%
4 WR JuJu Smith-Schuster
67%
4 TE Noah Gray
65%
7 RB Clyde Edwards-Helaire
58%
9 WR Sammy Watkins
50%
8 RB Damien Williams
48%
4 RB Darrel Williams
48%
2 WR DeAndre Hopkins
46%
4 WR Kadarius Toney
44%
6 WR Marquez Valdes-Scantling
40%
13 WR Demarcus Robinson
38%
2 WR Skyy Moore
38%
5 WR Justin Watson
35%
15 RB Jerick McKinnon
31%
3 TE Blake Bell
29%
5 WR Chris Conley
29%
1 OL Eric Fisher
29%
1 RB Samaje Perine
29%
8 WR Byron Pringle
27%
2 FB Anthony Sherman
21%
1 OL Wanya Morris
19%
4 TE Jody Fortson
17%
1 RB LeSean McCoy
15%
3 TE Demetrius Harris
13%
1 WR Josh Gordon
13%
1 RB Charcandrick West
10%
1 WR De'Anthony Thomas
10%
1 OL Nick Allegretti
8%
No matching quizzes found
Score Distribution
Percent of People with Each Score
Percentile by Number Answered
Your Score History
You have not taken this quiz